01423nam a2200337Ia 4500001001200000003000800012006001900020007001500039008004100054010001700095020004500112020004000157020001800197040002100215035002100236050002700257100003400284245011600318260006500434300002300499504005100522533015200573610004000725650005100765650004300816650003700859655002900896710001700925856012600942999001701068ebr10151043CaPaEBRm u cr cn|||||||||960426s1997 mnub sb s001 0 eng d z 96020333  z0816628645 (hardcover : acid-free paper) z0816628653 (pbk. : acid-free paper) z9780816628643 aCaPaEBRcCaPaEBR a(OCoLC)61448520314aHV8148.L55bH47 1997eb1 aHerbert, Steven Kelly,d1959-10aPolicing spaceh[electronic resource] :bterritoriality and the Los Angeles Police Department /cSteve Herbert. aMinneapolis, Minn. :bUniversity of Minnesota Press,cc1997. ax, 194 p. :bmaps. aIncludes bibliographical references and index. aElectronic reproduction.bPalo Alto, Calif. :cebrary,d2007.nAvailable via World Wide Web.nAccess may be limited to ebrary affiliated libraries.10aLos Angeles (Calif.).bPolice Dept. 0aHuman territorialityzCaliforniazLos Angeles. 0aPolice powerzCaliforniazLos Angeles. 0aPolicezCaliforniazLos Angeles. 7aElectronic books.2local2 aebrary, Inc.40uhttp://site.ebrary.com/lib/rucke/Doc?id=10151043zAn electronic book accessible through the World Wide Web; click to view c94981d94981